00706nam a22002537a 4500999001900000003000400019020001800023082001600041100002800057245002100085260003200106300001500138546001200153650001700165650001500182700002000197700002100217700001900238700001900257700002400276700002200300942001200322952011800334 c194279d194279OSt a9781439881453 a519bCOR/ST aCornillon, Pierre Andre aR for statistics aBoca RatonbCRC Pressc2012 axiv, 306p. aEnglish aInstalling R aR graphics aGuyader, Arnaud aHusson, Francois aJegou, Nicolas aKloareg, Maela aLober, Eric Matzner aRouviere, Laurent 2ddccBK 00102ddc40708GenaKAUCLVbKAUCLVcGENERALd2020-05-04g595.00l0o519 COR/STp230262r2020-05-04 00:00:00yBK